[Event "CZE-ch U14 2020"]
[Site "Kouty nad Desnou"]
[Date "2020.03.09"]
[Round "4.11"]
[White "Mohapl, Tomas"]
[Black "Licka, Denis"]
[Result "1/2-1/2"]
[WhiteElo "1654"]
[BlackElo "1594"]
[Annotator "NA"]
[PlyCount "80"]
[EventDate "2020.03.07"]
[EventCountry "CZE"]
[SourceTitle "playchess.com"]
[Source "ChessBase"]
[SourceQuality "1"]
[TimeControl "5400+30"]

1. e4 {[%emt 0:00:00]} c5 {[%emt 0:00:00]} 2. Nf3 {[%emt 0:00:00]} d6 {[%emt 0:00:00]} 3. d4 {[%emt 0:00:00]} cxd4 {[%emt 0:00:00]} 4. Nxd4 {[%emt 0:00:02]} Nf6 {[%emt 0:00:00]} 5. Nc3 {[%emt 0:00:17]} a6 {[%emt 0:00:01]} 6. f3 {[%emt 0:00:25]} e5 {[%emt 0:00:07]} 7. Nb3 {[%emt 0:00:07]} Be6 {[%emt 0:00:08]} 8. Be3 {[%emt 0:00:38]} h5 {[%emt 0:00:10]} 9. Qd2 {[%emt 0:05:11]} Nbd7 {[%emt 0:00:07]} 10. Be2 {[%emt 0:00:44]} Rc8 {[%emt 0:00:13]} 11. O-O {[%emt 0:01:15]} h4 {[%emt 0:00:21]} 12. a4 {[%emt 0:10:39]} h3 {[%emt 0:01:01]} 13. g3 {[%emt 0:01:04]} Nb6 {[%emt 0:05:30]} 14. a5 {[%emt 0:02:28]} Nc4 {[%emt 0:12:24]} 15. Bxc4 {[%emt 0:00:30]} Bxc4 {[%emt 0:00:10]} 16. Rfd1 {[%emt 0:00:36]} Be6 {[%emt 0:09:01]} 17. Na4 {[%emt 0:06:07]} Qc7 {[%emt 0:20:55]} 18. Nb6 {[%emt 0:06:21]} Rb8 {[%emt 0:03:08]} 19. Nc1 {[%emt 0:13:33]} Be7 {[%emt 0:07:06]} 20. Ne2 {[%emt 0:02:39]} O-O {[%emt 0:08:44]} 21. Nc3 {[%emt 0:02:12]} Qc6 {[%emt 0:05:31]} 22. Rac1 {[%emt 0:04:11]} Rfd8 {[%emt 0:02:49]} 23. Ncd5 {[%emt 0:07:54]} Bxd5 {[%emt 0:01:42]} 24. Nxd5 {[%emt 0:00:53]} Nxd5 {[%emt 0:00:18]} 25. Qxd5 {[%emt 0:00:09]} Qxd5 {[%emt 0:01:05]} 26. Rxd5 {[%emt 0:00:06]} Rbc8 {[%emt 0:00:50]} 27. Bb6 {[%emt 0:01:09]} Rd7 {[%emt 0:00:31]} 28. c4 {[%emt 0:02:58]} Bd8 {[%emt 0:02:44]} 29. Bxd8 {[%emt 0:10:39]} Rdxd8 {[%emt 0:00:42]} 30. g4 {[%emt 0:01:33]} Rc5 {[%emt 0:01:43]} 31. b4 {[%emt 0:01:26]} Rc6 {[%emt 0:03:09]} 32. Kf2 {[%emt 0:10:48]} Rdc8 {[%emt 0:00:32]} 33. b5 {[%emt 0:01:00]} axb5 {[%emt 0:09:23]} 34. Rxb5 {[%emt 0:00:08]} Rc5 {[%emt 0:01:56]} 35. Rcb1 {[%emt 0:04:30]} Rxc4 {[%emt 0:00:27]} 36. Rxb7 {[%emt 0:00:26]} Rc2+ {[%emt 0:00:12]} 37. Kg3 {[%emt 0:00:12]} Rg2+ {[%emt 0:00:16]} 38. Kxh3 {[%emt 0:00:32]} Rcc2 {[%emt 0:00:15]} 39. Rh1 {[%emt 0:00:22]} Ra2 {[%emt 0:02:36]} 40. a6 {[%emt 0:04:06]} Rgf2 {[%emt 0:01:02]} 1/2-1/2

[Event "CZE-ch U14 2020"]
[Site "Kouty nad Desnou"]
[Date "2020.03.09"]
[Round "4.12"]
[White "Kanak, Matyas"]
[Black "Richter, Rudolf"]
[Result "0-1"]
[WhiteElo "1499"]
[BlackElo "1555"]
[Annotator "NA"]
[PlyCount "70"]
[EventDate "2020.03.07"]
[EventCountry "CZE"]
[SourceTitle "playchess.com"]
[Source "ChessBase"]
[SourceQuality "1"]
[TimeControl "5400+30"]

1. d4 {[%emt 0:00:29]} d5 {[%emt 0:00:00]} 2. Nc3 {[%emt 0:00:06]} Nf6 {[%emt 0:01:25]} 3. Bg5 {[%emt 0:00:21]} Bf5 {[%emt 0:00:27]} 4. e3 {[%emt 0:00:09]} e6 {[%emt 0:00:17]} 5. Bd3 {[%emt 0:00:08]} Bg6 {[%emt 0:00:08]} 6. Nf3 {[%emt 0:00:14]} Nbd7 {[%emt 0:00:32]} 7. O-O {[%emt 0:00:49]} Be7 {[%emt 0:00:48]} 8. Re1 {[%emt 0:00:35]} c5 9. e4 {[%emt 0:19:40]} c4 {[%emt 0:03:04]} 10. e5 {[%emt 0:00:07]} cxd3 {[%emt 0:00:46]} 11. exf6 {[%emt 0:00:07]} Nxf6 {[%emt 0:00:23]} 12. cxd3 {[%emt 0:00:06]} O-O {[%emt 0:02:28]} 13. Ne5 {[%emt 0:00:17]} Nd7 {[%emt 0:02:31]} 14. Bxe7 {[%emt 0:00:29]} Qxe7 {[%emt 0:01:05]} 15. Nxg6 {[%emt 0:00:53]} hxg6 {[%emt 0:00:08]} 16. Nxd5 {[%emt 0:05:10]} Qd6 {[%emt 0:00:18]} 17. Nc3 {[%emt 0:01:43]} Qxd4 {[%emt 0:00:21]} 18. Re4 {[%emt 0:08:07]} Qb6 {[%emt 0:05:25]} 19. Na4 {[%emt 0:02:11]} Qa5 {[%emt 0:02:14]} 20. Rh4 {[%emt 0:03:24]} Nb6 {[%emt 0:03:39]} 21. Nxb6 {[%emt 0:12:25]} Qxb6 {[%emt 0:00:13]} 22. b3 {[%emt 0:00:10]} Rfd8 {[%emt 0:02:08]} 23. Rh3 {[%emt 0:01:58]} Rd4 {[%emt 0:01:54]} 24. Qf3 {[%emt 0:02:04]} Rad8 {[%emt 0:02:38]} 25. Rd1 {[%emt 0:03:48]} Qb5 {[%emt 0:04:17]} 26. Qe2 {[%emt 0:04:07]} R8d5 {[%emt 0:06:52]} 27. Qc2 {[%emt 0:04:56]} Qc5 {[%emt 0:02:00]} 28. Qb1 {[%emt 0:01:35]} Qd6 {[%emt 0:07:21]} 29. Rc1 {[%emt 0:01:38]} Rc5 {[%emt 0:02:09]} 30. Rxc5 {[%emt 0:00:32]} Qxc5 {[%emt 0:00:04]} 31. Re3 {[%emt 0:00:18]} Qc3 {[%emt 0:02:09]} 32. h3 {[%emt 0:00:14]} Qd2 {[%emt 0:01:21]} 33. Kf1 {[%emt 0:05:21]} Rd5 {[%emt 0:03:47]} 34. a4 {[%emt 0:06:05]} Rc5 {[%emt 0:01:34]} 35. Re1 {[%emt 0:00:14]} Rc2 {[%emt 0:00:29]} 0-1

[Event "CZE-ch U14 2020"]
[Site "Kouty nad Desnou"]
[Date "2020.03.10"]
[Round "5.1"]
[White "Hak, David"]
[Black "Smolik, Jachym"]
[Result "1-0"]
[WhiteElo "2120"]
[BlackElo "2025"]
[Annotator "TA"]
[PlyCount "69"]
[EventDate "2020.03.07"]
[EventCountry "CZE"]
[SourceTitle "playchess.com"]
[Source "ChessBase"]
[SourceQuality "1"]

{[%evp 14,69,29,44,42,25,60,60,78,85,94,101,112,95,123,122,131,104,156,135,142,152,213,198,233,144,198,177,224,232,208,225,335,343,358,353,360,346,369,352,454,447,553,506,498,498,572,495,495,489,688,682,681,662,1055,1029,1129,1047]} 1. d4 Nf6 2. c4 e6 3. Nc3 Bb4 4. e3 O-O 5. Nge2 d5 6. a3 Bxc3+ 7. Nxc3 b6 8. cxd5 exd5 {E44: Nimzo-Indian: Rubinstein: 4...b6 5 Ne2.} 9. b4 {[#]} Be6 $146 ({Predecessor:} 9... Bf5 10. Be2 a6 11. O-O c6 12. a4 Nbd7 13. b5 axb5 14. Ba3 b4 15. Bxb4 Re8 16. Bd6 {0-1 (88) Blesic,V (2363)-Lajthajm,B (2414) Novi Sad 2016}) 10. Bd3 a6 {White is slightly better.} 11. O-O Bg4 12. Qc2 h6 13. a4 Be6 14. Ba3 Re8 15. Rfc1 Kh8 (15... Nc6 $142) 16. Ne2 Ra7 17. b5 a5 (17... Kg8 $16 {keeps fighting.} 18. h3 Bc8) 18. Nf4 Bc8 19. Bf5 g5 (19... Bxf5 $16 20. Qxf5 c6) 20. Ne2 $18 Be6 21. Rab1 {[%cal Ba1b1,Bb1b3,Bb3c3][%mdl 32]} Kg7 22. Rb3 Qd7 (22... c6 $142 23. Ng3 (23. bxc6 Nxc6 24. Ng3 Nb4 $18) 23... cxb5) 23. Ng3 h5 24. Bd3 h4 25. Nf5+ Kh8 {and the idea ...Ne4 leaves Black hopeful.} 26. f3 Rg8 27. Rc3 {White is clearly winning.} Ne8 28. Nh6 Rg7 29. Bf8 Qc8 30. Bxg7+ Kxg7 31. Nf5+ Kf6 (31... Kf8 $142 32. g3 Qd8 33. gxh4 gxh4) 32. e4 {[#] e5+ is the strong threat.} Bxf5 33. exf5 c5 34. dxc5 Qd8 35. c6 {White took control after the opening. Accuracy: White = 91%, Black = 31%.} 1-0

[Event "CZE-ch U14 2020"]
[Site "Kouty nad Desnou"]
[Date "2020.03.10"]
[Round "5.2"]
[White "Hrbek, Stepan"]
[Black "Stalmach, Richard"]
[Result "0-1"]
[WhiteElo "2142"]
[BlackElo "2259"]
[Annotator "TA"]
[PlyCount "74"]
[EventDate "2020.03.07"]
[EventCountry "CZE"]
[SourceTitle "playchess.com"]
[Source "ChessBase"]
[SourceQuality "1"]

{[%evp 12,74,52,29,65,41,29,38,19,0,0,0,4,0,0,0,2,3,3,0,0,3,0,0,0,-19,-13,-16,-4,-50,0,0,0,-8,-8,-19,-21,-37,23,20,62,71,51,52,52,50,52,-164,-144,-360,-345,-342,-378,-327,-337,-837,-502,-892,-864,-931,-920,-934,-916,-29992,-2134]} 1. d4 g6 2. e4 d6 3. Nc3 Bg7 4. Be3 Nd7 5. Qd2 a6 6. f3 b5 {[%cal Bb7b5,Bb5b4][%mdl 32]} 7. h4 h6 {B06: Modern Defence.} 8. a4 b4 $1 {[%cal Rb4c3]} 9. Nd5 a5 {White is slightly better.} 10. Bc4 e6 11. Nf4 Nb6 {[#]} 12. Bb5+ $146 ({Predecessor:} 12. Bb3 Ne7 13. c4 Ba6 14. Qc2 O-O 15. Rd1 d5 16. c5 Nc4 17. Bxc4 dxc4 18. Nge2 {½-½ (75) Viennot,D (2296)-Vavulin,M (2441) Porec 2015}) 12... Bd7 13. Bxd7+ Qxd7 14. b3 c5 15. Rd1 c4 16. Nge2 {Hoping for d5.} d5 17. e5 Ne7 18. g4 O-O-O 19. Ng3 Kb7 20. h5 Rc8 21. hxg6 fxg6 22. Kf2 g5 23. Nfh5 Ng6 24. Ne2 Rhf8 (24... Bf8 $15) 25. Kg3 $11 Qc7 26. Rdf1 Bh8 27. f4 $1 cxb3 28. cxb3 Qc2 29. fxg5 $2 (29. Qxc2 $1 $14 {keeps the upper hand.} Rxc2 30. Rh2) 29... Qxb3 {And now ...Nc4 would win.} 30. Rb1 $2 {[#] Now White is beyond hope.} (30. Nc1 $17 Qa3 31. Rxf8 Nxf8 32. Rf1) 30... Qa3 $1 $19 (30... Qxa4 31. Nhf4 $17) 31. Ra1 {[#]} Nc4 $1 {[%cal Bb6c4,Bc4d2,Bd2e4][%mdl 32]} ({Not} 31... Qb3 32. Rhb1 $17) 32. Rxa3 Nxd2 33. Raa1 $2 (33. Bxd2 bxa3 34. gxh6) 33... Ne4+ 34. Kh2 (34. Kg2 $142 Rc2 35. Nhg3 Nxg3 36. Kxg3 Rxe2 37. Rhe1 Rxe1 38. Rxe1 hxg5 39. Bxg5) 34... Rc2 35. Rhe1 Rf3 36. Bg1 Nxg5 {( -> ...Rh3+)} 37. Nf6 Nh4 {Accuracy: White = 59%, Black = 77%.} (37... Rh3+ $142 38. Kg2 Nf4+ {[%mdl 64] Double Attack} 39. Kf1 Rf3+ 40. Bf2 Ngh3 41. Ne4 dxe4 42. Reb1 Rxf2+ {[%mdl 64] Double Attack} 43. Ke1 Rcxe2+ 44. Kd1 Rf1#) 0-1

[Event "CZE-ch U14 2020"]
[Site "Kouty nad Desnou"]
[Date "2020.03.10"]
[Round "5.3"]
[White "Babula, Vlastimil"]
[Black "Paseka, Matyas"]
[Result "1-0"]
[WhiteElo "2567"]
[BlackElo "2012"]
[Annotator "TA"]
[PlyCount "45"]
[EventDate "2020.03.07"]
[EventCountry "CZE"]
[SourceTitle "playchess.com"]
[Source "ChessBase"]
[SourceQuality "1"]

{[%evp 21,45,0,0,0,47,73,73,72,250,239,248,107,177,121,281,253,404,402,484,395,850,838,1242,1212,1335,1268]} 1. e4 c5 2. Nf3 d6 3. d4 cxd4 4. Nxd4 Nf6 5. Nc3 a6 6. Bc4 e6 7. Bb3 b5 8. O-O Be7 9. Qf3 Qb6 10. Be3 Qb7 11. a3 O-O 12. g4 {[#] B87: Sicilian Scheveningen/Najdorf: 6 Bc4, with early ...b5.} h6 $146 ({Predecessor:} 12... Nc6 13. Nxc6 Qxc6 14. g5 Nd7 15. Nd5 Bd8 16. Bd4 Bb7 17. Nc3 Nc5 18. Rfe1 Bxg5 19. Qg2 Bh6 20. Re3 Kh8 21. Rh3 Nxb3 22. cxb3 e5 23. Be3 f5 24. Kh1 f4 {0-1 (24) Malik,J (2286)-Navara,D (2733) Ostrava 2019}) 13. h4 {Black must now prevent g5.} Nbd7 14. g5 {White is better.} hxg5 $2 {[#]} (14... Ne5 $16 15. Qg2 hxg5) 15. hxg5 $18 Ne5 16. Qg2 (16. Qh1 $18) 16... Nfg4 (16... Nh5 $16) 17. Bf4 ({Better is} 17. Bd2 $18) 17... Qb6 $2 (17... a5 $16) 18. Rad1 g6 (18... a5 {keeps fighting.} 19. Qh3 (19. Ndxb5 a4 $11) 19... a4) 19. Qg3 Kg7 20. Kg2 a5 $2 {[#]} (20... Qd8 21. Rh1 Bxg5 22. Bxe5+ Nxe5) 21. f3 {White is clearly winning.} Nc4 22. Bxc4 bxc4 23. fxg4 {Accuracy: White = 63%, Black =  7%.} 1-0

[Event "CZE-ch U14 2020"]
[Site "Kouty nad Desnou"]
[Date "2020.03.10"]
[Round "5.4"]
[White "Kures, Michael"]
[Black "Winter, Ondrej"]
[Result "0-1"]
[WhiteElo "1943"]
[BlackElo "1896"]
[Annotator "ChessBase"]
[PlyCount "72"]
[EventDate "2020.03.07"]
[EventCountry "CZE"]
[SourceTitle "playchess.com"]
[Source "ChessBase"]
[SourceQuality "1"]
[TimeControl "5400+30"]

1. e4 {[%emt 0:00:00]} c5 {[%emt 0:00:00]} 2. Nf3 {[%emt 0:00:00]} Nc6 {[%emt 0:00:00]} 3. d4 {[%emt 0:00:27]} cxd4 {[%emt 0:00:00]} 4. Nxd4 {[%emt 0:00:05]} g6 {[%emt 0:00:00]} 5. c4 {[%emt 0:00:16]} Bg7 {[%emt 0:00:00]} 6. Be3 {[%emt 0:00:11]} Nf6 {[%emt 0:00:06]} 7. Nc3 {[%emt 0:00:08]} O-O {[%emt 0:00:11]} 8. Be2 {[%emt 0:00:42]} d6 {[%emt 0:00:05]} 9. O-O {[%emt 0:00:06]} Bd7 {[%emt 0:00:04]} 10. Qd2 {[%emt 0:00:16]} Nxd4 {[%emt 0:00:12]} 11. Bxd4 {[%emt 0:00:05]} Bc6 {[%emt 0:00:04]} 12. f3 {[%emt 0:00:07]} a5 {[%emt 0:00:03]} 13. Rab1 {[%emt 0:00:11]} Nd7 {[%emt 0:00:11]} 14. Be3 {[%emt 0:00:07]} Nc5 {[%emt 0:00:14]} 15. b3 {[%emt 0:01:34]} Be5 {[%emt 0:00:55]} 16. a3 {[%emt 0:02:28]} e6 {[%emt 0:12:20]} 17. b4 {[%emt 0:02:23]} axb4 {[%emt 0:03:33]} 18. axb4 {[%emt 0:01:31]} Qh4 {[%emt 0:32:12]} 19. g3 {[%emt 0:03:56]} Bxg3 {[%emt 0:00:26]} 20. Bd1 {[%emt 0:00:06]} Ra3 {[%emt 0:01:00]} 21. Rc1 {[%emt 0:11:10]} Nd3 {[%emt 0:03:27]} 22. Nb1 {[%emt 0:39:03]} Ra1 {[%emt 0:26:27]} 23. Rc3 {[%emt 0:00:44]} Bf4 {[%emt 0:05:21]} 24. Rxd3 {[%emt 0:03:23]} Qg5+ {[%emt 0:00:46]} 25. Kh1 {[%emt 0:00:17]} Bxe3 {[%emt 0:00:05]} 26. Rxe3 {[%emt 0:00:43]} Rxb1 {[%emt 0:00:27]} 27. f4 {[%emt 0:00:38]} Qf5 {[%emt 0:02:22]} 28. Qg2 {[%emt 0:04:00]} Qf6 {[%emt 0:03:16]} 29. b5 {[%emt 0:02:16]} Qd4 {[%emt 0:00:54]} 30. Qe2 {[%emt 0:01:04]} Rb2 {[%emt 0:00:36]} 31. Qf3 {[%emt 0:00:45]} Bd7 {[%emt 0:02:44]} 32. Be2 {[%emt 0:00:41]} Ra8 {[%emt 0:03:22]} 33. Rd1 {[%emt 0:01:14]} Qc5 {[%emt 0:00:22]} 34. e5 {[%emt 0:07:57]} d5 {[%emt 0:02:16]} 35. cxd5 {[%emt 0:00:42]} exd5 {[%emt 0:01:21]} 36. Rxd5 {[%emt 0:03:00]} Rxe2 {[%emt 0:00:50]} 0-1

[Event "CZE-ch U14 2020"]
[Site "Kouty nad Desnou"]
[Date "2020.03.10"]
[Round "5.5"]
[White "Petricek, Lukas"]
[Black "Werner, Hong Quan Dan"]
[Result "1-0"]
[WhiteElo "2106"]
[BlackElo "1801"]
[Annotator "TA"]
[PlyCount "98"]
[EventDate "2020.03.07"]
[EventCountry "CZE"]
[SourceTitle "playchess.com"]
[Source "ChessBase"]
[SourceQuality "1"]

{[%evp 9,98,27,86,47,72,46,75,69,71,25,33,18,34,20,81,75,69,81,89,89,81,95,105,109,110,11,17,11,17,11,12,11,52,53,58,69,85,90,99,94,79,79,81,81,80,66,66,66,122,88,172,157,151,122,272,276,275,275,289,271,305,297,373,373,373,368,449,445,418,398,386,244,244,244,243,219,819,811,791,772,749,739,710,704,660,670,958,940,1869,1750,1547]} 1. e4 c5 2. Nf3 Nc6 3. c3 d6 4. d4 Nf6 5. Bd3 g6 (5... d5 $11 {keeps the balance.} 6. Nbd2 e6) 6. h3 {B07: Pirc Defence: Miscellaneous Systems.} Bg7 7. O-O e5 {[%cal Rc5d4]} 8. d5 {White is better.} Ne7 {[#]} 9. Bb5+ $146 ({Predecessor:} 9. c4 O-O 10. Nc3 h6 11. Be3 Nh5 12. Re1 f5 13. a4 f4 14. Bd2 a5 15. Be2 {0-1 (43) De Oliveira,M (2565)-Cruzado Duenas,C (2579) ICCF email 2010}) 9... Nd7 10. Nbd2 O-O 11. Bd3 Bh6 (11... f5 $11) 12. Nc4 $16 Bxc1 13. Qxc1 Nb6 14. Qh6 {White wants to mate with Ng5.} f6 15. Ne3 Rf7 16. a4 a5 17. h4 (17. Nd2 $16) 17... Kh8 $11 {...Ng8 is the strong threat.} 18. Nc4 Nxc4 19. Bxc4 Ng8 20. Qe3 h6 21. Nd2 g5 22. hxg5 hxg5 23. f3 b6 24. Bb5 $36 {[%mdl 2048] White is in control.} Raa7 25. Kf2 Rh7 26. Rh1 Rag7 27. Rxh7+ Rxh7 28. Rg1 Bd7 (28... Kg7 $14) 29. Qe2 Ne7 {[#]} (29... Bc8 $16) 30. Bxd7 $1 $18 Qxd7 31. Qb5 Nc8 {Now Black is done in.} (31... Qxb5 $16 32. axb5 Kg7) 32. Qxd7 Rxd7 {[%mdl 4096] Endgame KRN-KRN} 33. Rh1+ Kg7 34. Ke3 Rb7 35. Nc4 b5 {[#]} 36. axb5 $1 Rxb5 37. Ra1 Nb6 38. Nxd6 Rxb2 39. Rxa5 c4 40. Rb5 Rxb5 41. Nxb5 {KN-KN} Na4 42. Kd2 Kf7 $2 (42... Kf8 43. Ke3 Ke7) 43. Nd6+ {[%mdl 64] Double Attack. White is clearly winning.} Ke7 44. Nxc4 Kd7 45. Kc2 Nc5 46. Kb2 Nd3+ 47. Kb3 Ne1 48. Ne3 Kd6 49. Kc4 Kd7 {Accuracy: White = 80%, Black = 57%.} 1-0

[Event "CZE-ch U14 2020"]
[Site "Kouty nad Desnou"]
[Date "2020.03.10"]
[Round "5.6"]
[White "Janous, Marek"]
[Black "Tajovsky, Simon"]
[Result "1-0"]
[WhiteElo "1990"]
[BlackElo "1512"]
[Annotator "TA"]
[PlyCount "43"]
[EventDate "2020.03.07"]
[EventCountry "CZE"]
[SourceTitle "playchess.com"]
[Source "ChessBase"]
[SourceQuality "1"]

{[%evp 20,43,46,47,65,0,71,72,78,50,75,56,85,75,90,69,63,42,51,61,110,115,101,79,521,518]} 1. e4 c5 2. Nf3 Nc6 3. d4 cxd4 4. Nxd4 g6 5. Nc3 Bg7 6. Be3 Nf6 7. Bc4 O-O 8. Bb3 a5 9. O-O a4 10. Nxa4 Nxe4 11. Nb5 d6 {B35: Sicilian: Accelerated Dragon with 5 Nc3: main line.} 12. c4 {[#]} (12. Bb6 $14 Qd7 13. Qe2) 12... Bd7 (12... Nc5 $1 $11 {[%mdl 512] keeps the balance.}) 13. Qe2 $16 {Hoping for Bb6.} Nf6 {White is better.} 14. h3 Ra6 15. Rad1 {[#]} Qc8 $146 ({Predecessor:} 15... Qb8 16. Nb6 Be6 17. Nd5 Bxd5 18. cxd5 Ne5 19. Rc1 Ra5 20. Bb6 Ra6 21. Bd4 Ra5 {1-0 (64) Taleb,M (2456)-Kulicov,O (2422) Alushta 2004}) 16. c5 Na5 17. Bc2 dxc5 18. Nxc5 {[%cal Ba4c5,Bc5b3,Bb3a5][%mdl 32]} Bxb5 19. Qxb5 Rc6 {[#]} 20. Ba4 $1 {Strongly threatening b4.} ({Reject} 20. Qxa5 $6 b6 $14) 20... b6 {[%cal Rc6c5]} 21. Nb3 Qc7 $2 {[%mdl 8192]} (21... Rc4 $16) 22. Nxa5 {Accuracy: White = 77%, Black = 44%.} 1-0

[Event "CZE-ch U14 2020"]
[Site "Kouty nad Desnou"]
[Date "2020.03.10"]
[Round "5.7"]
[White "Vaclavik, Jan"]
[Black "Hlavina, Matous"]
[Result "0-1"]
[WhiteElo "1791"]
[BlackElo "1986"]
[Annotator "TA"]
[PlyCount "114"]
[EventDate "2020.03.07"]
[EventCountry "CZE"]
[SourceTitle "playchess.com"]
[Source "ChessBase"]
[SourceQuality "1"]

{[%evp 13,114,43,46,45,98,92,129,132,143,88,81,90,75,78,64,77,91,43,58,55,53,35,69,37,36,14,35,35,38,-9,10,8,41,15,88,-53,-48,-60,-39,-65,0,0,-4,-183,-75,-136,-93,-96,-87,-137,-99,-103,-97,-106,-104,-103,-129,-135,-129,-129,-113,-133,-113,-225,-216,-286,-274,-266,-230,-204,-107,-108,-90,-111,-109,-109,-100,-128,-124,-336,-125,-127,-128,-1461,-125,-125,-127,-508,0,0,0,-461,-432,-12837,-12827,-967,-129,-129,-129,-129,-129,-231,-59]} 1. c4 Nf6 2. Nc3 d5 3. cxd5 Nxd5 4. Nf3 g6 5. e4 Nb6 6. d4 Bg7 7. Be3 Bg4 8. Be2 {D70: Grünfeld: Unusual White 3rd moves (met by ...d5).} Nc6 (8... O-O $14) 9. d5 $16 Ne5 10. Nxe5 {White is better.} Bxe2 11. Qxe2 ({Resist} 11. Nxe2 Bxe5 12. Qb3 Qd7 $16) (11. Nxf7 $142 Bxd1 12. Nxd8) 11... Bxe5 12. O-O O-O 13. Rad1 Qd7 14. f4 Bg7 {[#]} 15. Kh1 $146 ({Predecessor:} 15. Bd4 Rad8 16. Bxg7 Kxg7 17. e5 Qe8 18. f5 f6 19. Nb5 Nxd5 20. Nd4 {1-0 (44) Mitkov,M (2401)-Glavinac,G (2184) Skopje 2011}) 15... e6 16. dxe6 Qxe6 17. f5 Qc6 18. Bxb6 (18. Rc1 $5 {[%cal Rf5f6]} Bxc3 19. Bh6 $16 (19. Rxc3 Qxe4 20. Qf2 Nd5 $11)) 18... Bxc3 19. Rc1 {[%mdl 64] Pin} axb6 20. Rxc3 Qd7 21. f6 {Black must now prevent Qe3.} Rfd8 22. Qe3 {White threatens Qh6 and mate.} Qd1 23. Qf4 Rxa2 (23... Qd2 $11 24. Qxd2 Rxd2) 24. Rcf3 ({White should play} 24. h3 $16 Qd2 25. Qxd2 Rxd2 26. Rxc7) 24... Qd6 $15 25. Qh6 {[%csl Gf6][%cal Rh6g7]} Qf8 26. Qc1 c6 (26... Re8 $1 $15) 27. e5 $11 {And now e6! would win.} Re8 28. Qg5 $2 (28. Re1 $1 $11 Re6 29. Rd3) 28... Ra5 (28... Rxb2 $19 29. Re3 Re6) 29. Re1 (29. Re3 $142) 29... h6 30. Qf4 Re6 31. Qd4 Rd5 32. Qf4 b5 {[%cal Bb6b5,Bb5b4][%mdl 32]} 33. Rfe3 b6 34. Qh4 c5 35. Qh3 Rd4 36. Qf3 b4 37. Qb7 Qd8 38. Qf3 (38. h3 $17 {keeps fighting.}) 38... Qd5 $19 39. Qh3 h5 40. Qg3 Rg4 41. Qf2 Qd4 ({Better is} 41... Kh7 $19 42. h3 Rd4) 42. Qf3 $17 Qd8 ({Inferior is} 42... Qxb2 43. Qa8+ Kh7 44. Qb7 $16) 43. Rd3 Rd4 44. Rxd4 cxd4 {[%mdl 4096] Endgame KQR-KQR} 45. Qf4 Kh7 46. g4 $2 (46. h3 $17) 46... hxg4 $2 (46... d3 $1 $19 {is more deadly.} 47. Qe4 hxg4) 47. Qg5 d3 48. Qh4+ Kg8 49. Qh6 {[%csl Gf6][%cal Rh6g7]} Qf8 50. Qf4 $2 {[%mdl 8192]} (50. Qxf8+ $17 Kxf8 51. Kg2) 50... Qc5 $2 (50... Rc6 $19 {Threatens to win with ...Rc2.} 51. Ra1 Kh7) 51. Qh6 $11 {[%csl Gf6][%cal Rh6g7]} Qf8 $2 {[%mdl 8192]} (51... Qd5+ $11 52. Kg1 Qc5+ 53. Kg2 Qf8 54. Qxf8+ Kxf8) 52. Qf4 $1 $19 Rc6 {Hoping for ...Rc2.} 53. Qd4 (53. Ra1 $142 Kh7 54. Rd1) 53... Rc2 54. Qxd3 Qa8+ $2 (54... Qc5 $19 55. e6 Rxh2+ $1 {[%mdl 576] Decoy} 56. Kxh2 Qf2+ {[%mdl 64] Double Attack} 57. Kh1 Qxe1+ {[%mdl 64] Double Attack} 58. Kh2 Qxe6 59. Qd8+ Kh7) 55. Qe4 $17 Qxe4+ 56. Rxe4 Rxb2 {Strongly threatening ...b3.} 57. Rxg4 {[#]} (57. Rd4 $17 b3 58. Rd8+ Kh7 59. e6 $1 {[%mdl 512]} Rb1+ 60. Kg2) 57... Kf8 $2 {Accuracy: White = 55%, Black = 63%.} ({Black should try} 57... b5 $1 $19 58. Rd4 Re2 59. Rxb4 Rxe5) 0-1

[Event "CZE-ch U14 2020"]
[Site "Kouty nad Desnou"]
[Date "2020.03.10"]
[Round "5.8"]
[White "Lang, Simon"]
[Black "Stocek, Martin"]
[Result "1-0"]
[WhiteElo "1779"]
[BlackElo "1772"]
[Annotator "NA"]
[PlyCount "71"]
[EventDate "2020.03.07"]
[EventCountry "CZE"]
[SourceTitle "playchess.com"]
[Source "ChessBase"]
[SourceQuality "1"]
[TimeControl "5400+30"]

1. e4 {[%emt 0:00:37]} c6 {[%emt 0:00:00]} 2. d4 {[%emt 0:01:18]} d5 {[%emt 0:00:00]} 3. exd5 {[%emt 0:01:16]} cxd5 {[%emt 0:00:00]} 4. c4 {[%emt 0:01:42]} Nc6 {[%emt 0:00:27]} 5. Nc3 {[%emt 0:01:51]} Nf6 {[%emt 0:00:31]} 6. Bg5 {[%emt 0:01:11]} dxc4 {[%emt 0:01:30]} 7. Bxc4 {[%emt 0:02:25]} Qxd4 {[%emt 0:08:12]} 8. Qxd4 Nxd4 {[%emt 0:00:09]} 9. O-O-O {[%emt 0:03:03]} e5 {[%emt 0:14:34]} 10. f4 {[%emt 0:04:55]} Bd6 {[%emt 0:37:56]} 11. Nf3 {[%emt 0:22:15]} Bg4 {[%emt 0:17:24]} 12. fxe5 {[%emt 0:02:40]} Bxf3 {[%emt 0:00:44]} 13. gxf3 {[%emt 0:06:54]} Bxe5 {[%emt 0:04:45]} 14. f4 {[%emt 0:00:34]} Bxf4+ {[%emt 0:06:18]} 15. Bxf4 {[%emt 0:00:39]} Ne6 {[%emt 0:01:51]} 16. Bb5+ {[%emt 0:02:07]} Ke7 {[%emt 0:00:01]} 17. Bd6+ {[%emt 0:03:07]} Kd8 {[%emt 0:00:07]} 18. Nd5 {[%emt 0:01:39]} Nxd5 {[%emt 0:00:26]} 19. Rxd5 {[%emt 0:00:17]} a6 {[%emt 0:00:52]} 20. Ba4 {[%emt 0:01:34]} b5 {[%emt 0:00:06]} 21. Bb3 {[%emt 0:00:20]} Rc8+ {[%emt 0:00:14]} 22. Kb1 {[%emt 0:00:19]} Rc6 {[%emt 0:00:29]} 23. Rhd1 {[%emt 0:01:22]} Kc8 {[%emt 0:00:22]} 24. Bg3 {[%emt 0:00:40]} g6 {[%emt 0:01:18]} 25. R5d2 {[%emt 0:03:20]} f5 {[%emt 0:00:39]} 26. Bxe6+ {[%emt 0:00:15]} Rxe6 {[%emt 0:00:07]} 27. Rc1+ {[%emt 0:00:09]} Kb7 {[%emt 0:00:07]} 28. Rd7+ {[%emt 0:00:13]} Ka8 {[%emt 0:00:53]} 29. Rcc7 {[%emt 0:00:13]} Re1+ {[%emt 0:00:09]} 30. Bxe1 {[%emt 0:00:13]} Re8 {[%emt 0:00:05]} 31. Ra7+ {[%emt 0:00:14]} Kb8 {[%emt 0:00:07]} 32. Bg3+ {[%emt 0:00:04]} Kc8 {[%emt 0:00:13]} 33. Rdc7+ {[%emt 0:00:13]} Kb8 {[%emt 0:00:08]} 34. Re7+ {[%emt 0:00:09]} f4 {[%emt 0:00:16]} 35. Bxf4+ {[%emt 0:00:07]} Kc8 {[%emt 0:00:11]} 36. Rxe8# {[%emt 0:00:12]} 1-0